000 00441nam a2200157Ia 4500
008 210716s2010 xx 000 0 und d
020 _a9780230332935
041 _aeng
082 _a658.802 BRER
100 _aBrennan, Ross; Baines, Paul; Garneau, Paul; Vos, Lynn.
245 _aContermporary strategic marketing
250 _a1
260 _aNew York
_bPalgrave macmillan
_c2010
300 _axxiv,462
650 _aStrategic Management
999 _c205989
_d205989